1942 1377 1297 1490 1469 1219 1387 1542 1600 1867 1530 1900 1798 1399 1996 1949 1667 1035 1851 1634 1928 1692 1033 1912 1162 1122 1498 1091 1512 1722 1470 1444 1997 1101 1005 1166 1587 1247 1091 1254 1937 1946 1400 1731 1528 1418 1124 1134 1341 1968 1970 1279 1993 1177 1686 1337 1810 1057 1319 1121 1241 1845 1402 1486 1213 1089 1588 1741 1896 1663 1350 1203 1282 1369 1049 1448 1029 1656 1271 1174 1596 1669 1634 1764 1327 1110 1427 1837 1575 1311 1696 1916 1052 1157 1714 1809 1597 1494 1888 BCNSPRNW ULIB Ver.6.0+V

เปลี่ยนเป็นภาษาไทย

Change to English
 แสดงรายละเอียดบรรณานุกรม
  กลับหน้าหลัก

Brief Record : Get Marc (ISO 2709) : E-mail record : QR code < ปิดหน้าต่าง
LEADER : 00000nam 2200000uu 4500
001    13399120625
003     ULIB
008    120928s2547||||th 000 0 tha d
020    ^a9749717341
060 04 ^aWY152^bส236ก 2547
100 0  ^aสมจินต์ เพชรพันธุ์ศรี
245 10 ^aการพยาบาลเพื่อการฟื้นฟูสภาพ :^bประยุกต์ใช้ในผู้สูงอายุ /^cสมจินต์ เพชรพันธุ์ศรี, ถนอมขวัญ ทวีบูรณ์
250    ^a พิมพ์ครั้งที่ 1
260    ^a กรุงเทพฯ :^bศุภวนิชการพิมพ์,^c2547
300    ^a 126 หน้า ;^c30 ซม.
650  7 ^aการพยาบาลเวชศาสตร์วัยชรา
650  7 ^aการฟื้นฟูสมรรถภาพ
650  7 ^aผู้สูงอายุ
700 0  ^aถนอมขวัญ ทวีบูรณ์
995    ^a วิภา
999 ^a ใช้งานได้ทุกระบบ
รายการนี้ยังไม่มีแท็ก
คุณยังไม่ได้ล็อกอิน คุณสามารถมีกิจกรรมร่วมกับเว็บไซต์ได้ แต่ต้องล็อกอินก่อน ::
  ล็อกอิน

รายการสื่อสารสนเทศ

ลำดับที่ ประเภท เลขเรียก/บาร์โค้ด สถานที่ สถานะ
- ไม่พบข้อมูล -

รายการใกล้เคียง
    ผู้แต่ง [สมจินต์ เพชรพันธุ์ศรี]

    หัวเรื่อง [การพยาบาลเวชศาสตร์วัยชรา]
    หัวเรื่อง [การฟื้นฟูสมรรถภาพ]
    หัวเรื่อง [ผู้สูงอายุ]

BibComment


ยังไม่เคยถูกคอมเมนท์

คอมเมนท์ทรัพยากรรายการนี้
  คอมเมนท์: การพยาบาลเพื่อกา..


 Copyright 2026. Bcnsprnw @Library